| 000 | 00672nam a2200145Ia 4500 | ||
|---|---|---|---|
| 008 | 090124s9999 xx 000 0 und d | ||
| 082 | _b203989 | ||
| 245 | _a समास / दो साहित्य और कलाओं पर एकाग्र अनियतकालिक | ||
| 250 | _a1 | ||
| 260 |
_bवाजपेयी अशोक _c1994 |
||
| 300 | _a215 | ||
| 630 | _a समास / दो साहित्य और कलाओं पर एकाग्र अनियतकालिक | ||
| 730 | _a समास / दो साहित्य और कलाओं पर एकाग्र अनियतकालिक | ||
| 942 | _cBOOK | ||
| 999 |
_c185570 _d185570 |
||